| 000 | 00794naa a22002777a 4500 | ||
|---|---|---|---|
| 001 | BR8502941 | ||
| 003 | BR-BrBNA | ||
| 005 | 20250721154453.0 | ||
| 007 | ta | ||
| 008 | 250630b bl.|||m| |||| 00| 0 por d | ||
| 040 |
_aBR-BrBNA _bpor _cBiblioteca Nacional de Agricultura |
||
| 041 | _a(Pt) | ||
| 072 |
_aE11; F01 _b/G514 |
||
| 090 | _aE11 BR8502941 | ||
| 100 | 1 | _aCiprandi, O. | |
| 245 | 1 | _aViabilidade das culturas anuais de inverno | |
| 500 | _aBoletim CRIAEC Ijui, RS (Brasil): 1985. p. 4-47 (BR8502941-AMS) | ||
| 650 | _aPRODUCAO VEGETAL | ||
| 650 | _aAPTIDAO AGRICOLA | ||
| 650 | _aCULTURA DE INVERNO | ||
| 650 | _aCONSERVACAO DO SOLO | ||
| 650 | _aPRECO | ||
| 490 |
_aBoletim CRIAEC (Brazil) _vv. 3(36) |
||
| 942 |
_cAMS _2AGRIS |
||
| 909 |
_a202506 _bLúcia _c55 _dLúcia Elande |
||
| 999 |
_c335001 _d335001 |
||